000 01095cam a2200265 4500
001 ABS64136
008 010712n2001 000 0 eng u
035 _a(Sirsi) u113626
100 _aDair, C.
245 _aSustainable brownfield re-use - who should be involved, and what should they be doing?
260 _c2001
490 _aTown & Country Planning
_v70(6) June 2001, 180-182(3)
520 _aDescribes a research project into the sustainable development of brownfield sites, considering the stakeholders involved in the different stages of the re-use process. Various economic, environmental and social sustainability objectives are also suggested together with the methods and examples of how to achieve them. Tables, references.
590 _aABS
650 _aBROWNFIELD LAND
650 _aBROWNFIELD SITES
650 _aECONOMIC SUSTAINABILITY
650 _aENVIRONMENTAL SUSTAINABILITY
650 _aSTAKEHOLDERS
650 _aSUSTAINABLE DEVELOPMENT
650 _aURBAN REGENERATION
690 _aDEVELOPMENT-SUSTAINABLE
700 _aWilliams, K.
942 _n0
999 _c67706
_d67706